| 000 | | | 03781nmc2a22000003x 450 |
| 001 | | | c421328e-8cdd-45ec-a840-b2a5d47f93a0 |
| 005 | | | 20200123212117.0 |
| 100 | ## | $a | 20180123l19161916k l0rusy0189 ca |
| 101 | 0# | $a | rus |
| 102 | ## | $a | RU |
| 200 | 1# | $a | Дело о разрешении держать государственные экзамены студентам Киевского университета |
| | $j | 12 января - 13 июня 1916 г. |
| | $h | Часть 1 |
| 251 | ## | $c | Дело |
| 300 | ## | $a | Дело |
| 801 | #0 | $a | RU |
| | $b | РГИА |
| | $c | 20180123 |
| | $g | RCR |
| 801 | #1 | $a | RU |
| | $b | ГлавНИВЦ |
| | $c | 20180123 |
| | $2 | rusmarc |
| 801 | #2 | $a | RU |
| | $b | ПБ им. Б.Н. Ельцина |
| | $c | 20200123 |
| | $g | RCR |
| | $2 | rusmarc |
| 850 | ## | $a | РГИА |
| 852 | ## | $a | РГИА |
| | $e | Федеральное казенное учреждение "Российский государственный исторический архив" (РГИА) |
| | $j | 559 |
| 937 | ## | $h | РГИА |
| | $d | 12226848 |
| | $a | ASBIBLIO_SCAN |
| 462 | #0 | $1 | 00146c96731-af2d-49ce-8199-721d162b0637 |
| | $1 | 2001 |
| | $a | Дела по ученым учреждениям и высшим учебным заведениям Департамента народного просвещения за 1915-1917 годы |
| | $1 | 251 |
| | $c | Опись |
| | $1 | 852 |
| | $j | 156 |
| 461 | #0 | $1 | 001a74412a3-3cc5-4d21-8f0a-dfe2fbd9e72d |
| | $1 | 2001 |
| | $a | Департамент народного просвещения Министерства народного просвещения (1803-1917) |
| | $1 | 251 |
| | $c | Фонд |
| | $1 | 852 |
| | $j | 733 |
| 215 | ## | $a | 155 л. |
| | $d | 36,5х26 см |
| 371 | ## | $a | Документ не является опубликованным и широко распространяемым |
| 105 | ## | $a | y### |
| 122 | 2# | $a | d |
| 035 | ## | $a | c421328e-8cdd-45ec-a840-b2a5d47f93a0 |
| 856 | ## | $u | http://readingroom.main.prlib.ru/item.aspx?id_node=n137542293&mode=full |